Devine les pièces - Statistiques

Statistiques générales
  • Ce quiz a été pris 26 fois
  • Le résultat moyen est 6 sur 6
Statistiques - réponses
Hint Réponse % Correct
6, 15, 21 Fou
100%
18, 15, 9 Roi
96%
20, 15, 21, 18 Tour
96%
3, 1, 22, 1, 12, 9, 5, 18 Cavalier
91%
16, 9, 15, 14 Pion
91%
18, 5, 9, 14, 5 Reine
91%
Aucun quiz correspondant
Distribution des résultats
% des personnes avec chaque résultat
Percentile par nombre de réponses
Votre historique - résultats
Vous n’avez pas pris ce quiz